Решение краевой задачи для систем с фазовым переходом с граничными условиями Стефана, используя эйлеро-лагранжев формализм; Технологии Microsoft в теории и практике программирования

Dettagli Bibliografici
Parent link:Технологии Microsoft в теории и практике программирования.— 2012.— [С. 126-128]
Autore principale: Огородников А. С. Александр Сергеевич
Ente Autore: Национальный исследовательский Томский политехнический университет (ТПУ) Институт кибернетики (ИК) Кафедра прикладной математики (ПМ)
Altri autori: Остроухов П. А., Трошин М. В.
Riassunto:Заглавие с титульного листа.
In this work it was shown the solution of planar material solidification model with additional non-stationary heat source on half-infinite plane. This solution was made by using Stefan’s condition [1]. The comparison of obtained results with analytic solution, in case of additional heat source absence was done. Also, it was done for solution, made by perturbation method. Furthermore, the more complex two-dimensional non-stationary problem of liquid solidification with free interface was solved. The object of this work is to predict location of material phase interface and temperature distribution in PCM layer with Dirichlet boundary conditions.
Lingua:russo
Pubblicazione: 2012
Serie:Математическое моделирование и технологии высокопроизводительных вычислений
Soggetti:
Accesso online:http://www.lib.tpu.ru/fulltext/c/2012/C28/046.pdf
Natura: Elettronico Capitolo di libro
KOHA link:https://koha.lib.tpu.ru/cgi-bin/koha/opac-detail.pl?biblionumber=611380

MARC

LEADER 00000naa2a2200000 4500
001 611380
005 20231101132644.0
035 |a (RuTPU)RU\TPU\conf\9131 
035 |a RU\TPU\conf\9129 
090 |a 611380 
100 |a 20150310d2012 k y0rusy50 ca 
101 0 |a rus  |d eng 
102 |a RU 
105 |a y z 100zy 
135 |a drgn ---uucaa 
181 0 |a i  
182 0 |a b 
200 1 |a Решение краевой задачи для систем с фазовым переходом с граничными условиями Стефана, используя эйлеро-лагранжев формализм  |f А. С. Огородников, П. А. Остроухов, М. В. Трошин 
203 |a Текст  |c электронный 
215 |a 1 файл (478 Кб) 
225 1 |a Математическое моделирование и технологии высокопроизводительных вычислений 
230 |a Электронные текстовые данные (1 файл : 478 Кб) 
300 |a Заглавие с титульного листа. 
320 |a [Библиогр.: с. 128 (4 назв.)] 
330 |a In this work it was shown the solution of planar material solidification model with additional non-stationary heat source on half-infinite plane. This solution was made by using Stefan’s condition [1]. The comparison of obtained results with analytic solution, in case of additional heat source absence was done. Also, it was done for solution, made by perturbation method. Furthermore, the more complex two-dimensional non-stationary problem of liquid solidification with free interface was solved. The object of this work is to predict location of material phase interface and temperature distribution in PCM layer with Dirichlet boundary conditions. 
337 |a Adobe Reader 
463 1 |0 (RuTPU)RU\TPU\conf\61  |t Технологии Microsoft в теории и практике программирования  |o сборник трудов IX Всероссийской научно-практической конференции студентов, аспирантов и молодых ученых, 21-22 марта 2012 г., г.Томск  |f Национальный исследовательский Томский политехнический университет (ТПУ), Институт кибернетики ; отв. ред. А. Р. Вахитов  |v [С. 126-128]  |d 2012 
610 1 |a электронный ресурс 
610 1 |a труды учёных ТПУ 
610 1 |a краевые задачи 
610 1 |a фазовые переходы 
610 1 |a граничные условия 
610 1 |a задача Стефана 
610 1 |a плавление 
610 1 |a затвердевание 
610 1 |a теплопередача 
610 1 |a уравнение теплопроводности 
610 1 |a свободные границы 
700 1 |a Огородников  |b А. С.  |c специалист в области информатики и вычислительной техники  |c доцент Томского политехнического университета, кандидат физико-математических наук  |f 1947-  |g Александр Сергеевич  |2 stltpush  |3 (RuTPU)RU\TPU\pers\26413 
701 1 |a Остроухов  |b П. А. 
701 1 |a Трошин  |b М. В. 
712 0 2 |a Национальный исследовательский Томский политехнический университет (ТПУ)  |b Институт кибернетики (ИК)  |b Кафедра прикладной математики (ПМ)  |h 130  |2 stltpush  |3 (RuTPU)RU\TPU\col\18700 
801 2 |a RU  |b 63413507  |c 20150310  |g RCR 
856 4 |u http://www.lib.tpu.ru/fulltext/c/2012/C28/046.pdf 
942 |c BK